| 000 | 01243nam a22002777a 4500 | ||
|---|---|---|---|
| 001 | BD-DhSAU 8753 | ||
| 003 | BD-DhSAU | ||
| 005 | 20161026124213.0 | ||
| 008 | 150612b2006 bg a|||| m||| 00| 0 eng d | ||
| 040 | _aBD-DhSAU | ||
| 082 |
_222 _a595.7 _bIs43 |
||
| 100 |
_aIslam, Muhammad Saiful _eRegistration no. # 23919/00167 |
||
| 245 |
_aExploration of plant materials for the control of Jute white mite polyphagotarsonemus latus (Banks) / _bMS thesis _cMuhammad Saiful Islam |
||
| 260 |
_aSher-e-Bangla Agricultural Uniersity : _bDepartment of Entomology, _c2006. |
||
| 300 |
_avi,70 p. : _bill. ; _c30 cm. |
||
| 500 | _aMS thesis of Department of Entomology, Faculty of Agriculture, Sher-e-Bangla Agricultural University, Dhaka, Bangladesh | ||
| 504 | _aIncludes bibliographical reference. | ||
| 590 | _aerfat | ||
| 650 | _aEntomology | ||
| 650 | _aExploration of plant materials for the control of Jute white mite | ||
| 650 | _aPolyphagotarsonemus latus (Banks) | ||
| 700 |
_aFaruquzzaman, A K M _eSuperviser |
||
| 700 |
_aLatif, Md Abdul _eCo-superviser |
||
| 856 | _uhttp://archive.saulibrary.edu.bd:8080/handle/123456789/651 | ||
| 942 |
_2ddc _cTHESIS |
||
| 999 |
_c8753 _d8753 |
||